Statistics for Countries with No Airlines

Click here to take the quiz!

General Stats

  • This quiz has been taken 76 times
  • The average score is 9 of 17

Answer Stats

Country % Correct
Vatican City
94%
Monaco
88%
Andorra
88%
San Marino
78%
Tuvalu
60%
Lesotho
57%
Liechtenstein
55%
Saint Lucia
52%
Saint Kitts and Nevis
49%
Grenada
46%
Barbados
45%
Micronesia
43%
Dominica
43%
Guinea
34%
Guinea-Bissau
34%
Liberia
28%
Macedonia
20%

Score Distribution

Percentile by Number Answered

Percent of People with Each Score

Your Score History

You have not taken this quiz